MARC details
| 000 -LÍDER |
| campo de controle de tamanho fixo |
01400naa a22003737a 4500 |
| 001 - NÚMERO DE CONTROLE |
| campo de controle |
BR8301012 |
| 003 - IDENTIFICADOR DO NÚMERO DE CONTROLE |
| campo de controle |
BR-BrBNA |
| 005 - DATA E HORÁRIO DA ÚLTIMA TRANSAÇÃO |
| campo de controle |
20240918175229.0 |
| 007 - CAMPO FIXO DE DESCRIÇÃO FÍSICA--INFORMAÇÃO GERAL |
| campo de controle de tamanho fixo |
ta |
| 008 - CAMPO DE DADOS FIXOS--INFORMAÇÃO GERAL |
| campo de controle de tamanho fixo |
230509b bl.||||| |||| 00| 0 por d |
| 040 ## - FONTE DA CATALOGAÇÃO |
| Instituição da catalogação original |
BR-BrBNA |
| Idioma da catalogação |
por |
| Instituição que transcreveu o registro |
Biblioteca Nacional de Agricultura |
| 041 ## - CÓDIGO DE IDIOMA |
| Código do idioma do texto/trilha sonora ou título diferente |
(Pt) |
| 072 ## - CÓDIGO DE CATEGORIA DE ASSUNTO |
| Código de Categoria de Assunto |
E15; P05 |
| Código do objeto |
0240 |
| -- |
8961 |
| 090 ## - NÚMERO DE CHAMADA LOCAL |
| Número de chamada |
E15 BR8301012 |
| 100 1# - ENTRADA PRINCIPAL--NOME PESSOAL |
| Nome pessoal |
Porto, V.H. da F. |
| 100 1# - ENTRADA PRINCIPAL--NOME PESSOAL |
| Nome pessoal |
Berny, P. |
| 100 1# - ENTRADA PRINCIPAL--NOME PESSOAL |
| Nome pessoal |
Raupp, A.A.A. |
| 100 1# - ENTRADA PRINCIPAL--NOME PESSOAL |
| Nome pessoal |
Cordeiro, D.S. |
| 100 1# - ENTRADA PRINCIPAL--NOME PESSOAL |
| Nome pessoal |
Alquati, P.H. |
| 111 1# - ENTRADA PRINCIPAL--NOME DO EVENTO |
| Nome do evento ou lugar |
11. Reuniao Tecnica Anual do Sorgo |
| Local do evento |
Pelotas, RS (Brazil) |
| Data do evento ou assinatura do tratado |
10 Aug 1982 |
| 245 1# - TÍTULO |
| Título |
Estimativa preliminar dos custos diretos do litro de alcool, de uma microdestilaria, a partir do sorgo sacarino |
| 246 1# - FORMA VARIANTE DO TÍTULO |
| Título/título abreviado |
[Preliminary estimation of direct costs of the alcohol liter, in a microdistillery, from saccharine sorghum] |
| 246 1# - FORMA VARIANTE DO TÍTULO |
| Título/título abreviado |
[Annals of the 11. Technical yearly Meeting of Sorghum] |
| 260 3# - PUBLICAÇÃO, DISTRIBUIÇÃO, ETC. |
| Local de publicação, distribuição, etc. |
Pelotas, RS (Brasil): |
| Data da publicação, distribuição, etc. |
1982. |
| 500 ## - NOTA GERAL |
| Nota geral |
Anais da 11. Reuniao Tecnica Anual do Sorgo<br/>Pelotas, RS (Brasil): 1982. p. 155-160<br/>(BR8301012-AM)E15<br/> |
| 650 ## - ASSUNTO--TERMO TÓPICO |
| Cabeçalho tópico ou nome geográfico |
SORGO ACUCAREIRO |
| 650 ## - ASSUNTO--TERMO TÓPICO |
| Cabeçalho tópico ou nome geográfico |
ALCOOL |
| 650 ## - ASSUNTO--TERMO TÓPICO |
| Cabeçalho tópico ou nome geográfico |
CUSTO DE PRODUCAO |
| 650 ## - ASSUNTO--TERMO TÓPICO |
| Cabeçalho tópico ou nome geográfico |
INSUMO |
| 650 ## - ASSUNTO--TERMO TÓPICO |
| Cabeçalho tópico ou nome geográfico |
DESTILARIA |
| 773 0# - ENTRADA ANALÍTICA |
| Título |
Anais da 11. Reuniao Tecnica Anual do Sorgo |
| Número de controle do registro |
E15 BR8301012 |
| Partes relacionadas |
Pelotas, RS (Brasil), 1982. p. 155-160 |
| 909 ## - |
| -- |
202404 |
| -- |
Lucia |
| -- |
55 |
| -- |
Lucia Elande |
| 942 ## - ELEMENTOS DE ENTRADA ADICIONADOS (KOHA) |
| Tipo de material Koha |
Capítulo-Livro |
| Fonte da classificação ou esquema de arquivamento na estante |
Classificação AGRIS |